000 00576nam a2200217Ia 4500
003 OSt
005 20220926044154.0
006 a|||||r|||| 00| 0
007 ta
008 220923b |||||||| |||| 00| 0 eng d
037 _cGeneral Book
040 _aRTL
_cRTL
_beng
041 _2eng
_aeng
082 _aY:45R4, K7
100 _aMitchell Basil
_972290
245 0 _aLaw, morality and religion in a secular society
260 _c1967
650 _aSocial Voilence
_9237404
942 _hY:45R4, K7
_cGB
_2CC
999 _c674148
_d674148